[Event "Madrid ch sf-A"]
[Site "Madrid ESP"]
[Date "2006.01.09"]
[Round "1.1"]
[White "Cortes Jurado, Rafael"]
[Black "Elissalt Cardenas, Hector"]
[Result "0-1"]
[WhiteElo "2116"]
[BlackElo "2346"]
[PlyCount "48"]
[EventDate "2006.01.23"]
[EventType "swiss"]
[EventRounds "9"]
[EventCountry "ESP"]
[Source "lmi"]
[SourceDate "2006.01.29"]

1. e4 e6 2. d4 d5 3. Nd2 a6 4. Bd3 c5 5. dxc5 Bxc5 6. Ngf3 Nc6 7. exd5 exd5 8.
O-O Nge7 9. Nb3 Bb6 10. Bf4 Bg4 11. c3 Qd7 12. Be2 O-O 13. Nbd4 Ng6 14. Be3
Rfe8 15. Nxc6 Bxe3 16. Nb4 Ba7 17. Qd2 Qf5 18. Bd3 Qh5 19. Bxg6 Qxg6 20. Qxd5
a5 21. Nd3 Red8 22. Qxb7 Bxf3 23. Qxf3 Qxd3 24. Qg4 Qc2 0-1

[Event "Madrid ch sf-A"]
[Site "Madrid ESP"]
[Date "2006.01.09"]
[Round "1.2"]
[White "Cruz, Alfredo"]
[Black "Lopez de Turiso, Jose Angel"]
[Result "0-1"]
[WhiteElo "2254"]
[BlackElo "2112"]
[PlyCount "104"]
[EventDate "2006.01.23"]
[EventType "swiss"]
[EventRounds "9"]
[EventCountry "ESP"]
[Source "lmi"]
[SourceDate "2006.01.29"]

1. d4 d5 2. Bg5 c6 3. c3 Bf5 4. Nd2 Nd7 5. Ngf3 h6 6. Bh4 Ngf6 7. Bxf6 Nxf6 8.
Ne5 e6 9. e3 Bd6 10. f4 g5 11. Be2 Qc7 12. O-O gxf4 13. exf4 O-O-O 14. Rf3 h5
15. h3 Kb8 16. Bd3 Bxd3 17. Nxd3 Ne4 18. Qe2 f5 19. Qe3 Rhg8 20. Ne5 Rg7 21.
Re1 Rdg8 22. Re2 Qa5 23. a3 Qb5 24. Nf1 Qb3 25. Qd3 h4 26. Ne3 Ng3 27. Rc2 Qa2
28. Qd1 Qb3 29. c4 Ne4 30. cxd5 exd5 31. N3g4 Qb6 32. Nh6 Rf8 33. Rxc6 Qxb2 34.
Rc2 Qb6 35. Kh2 Bxe5 36. dxe5 Qxh6 37. Qxd5 Rc8 38. Rxc8+ Kxc8 39. Rf1 Qc6 40.
Qb3 Rxg2+ 41. Kxg2 Nd2+ 42. Qf3 Nxf3 43. Rxf3 Kd7 44. Kf2 Qc2+ 45. Kf1 Qd1+ 46.
Kf2 Qd2+ 47. Kf1 b5 48. Rf2 Qc1+ 49. Kg2 Qxa3 50. Rd2+ Ke7 51. e6 Qg3+ 52. Kh1
Qe1+ 0-1

[Event "Madrid ch sf-A"]
[Site "Madrid ESP"]
[Date "2006.01.09"]
[Round "1.3"]
[White "Cabañas Bravo, Juan Andres"]
[Black "Ruiz Saiz, Agustin"]
[Result "0-1"]
[WhiteElo "2106"]
[BlackElo "2246"]
[PlyCount "66"]
[EventDate "2006.01.23"]
[EventType "swiss"]
[EventRounds "9"]
[EventCountry "ESP"]
[Source "lmi"]
[SourceDate "2006.01.29"]

1. e4 c5 2. Nf3 e6 3. d4 cxd4 4. Nxd4 Nf6 5. Nc3 Nc6 6. Ndb5 Bb4 7. Bf4 Nxe4 8.
Qf3 d5 9. Nc7+ Kf8 10. O-O-O Bxc3 11. bxc3 e5 12. Nxd5 Ng5 13. Bxg5 Qxg5+ 14.
Kb2 Qg4 15. Qe3 Qxd1 16. Qc5+ Kg8 17. Bb5 Qg4 18. Bxc6 h5 19. f3 Qe6 20. Ne7+
Kh7 21. Be4+ g6 22. Nd5 Rb8 23. Qxa7 Bd7 24. Rd1 Bc6 25. c4 Rhd8 26. g4 hxg4
27. fxg4 b5 28. Rf1 bxc4+ 29. Kc3 Rb7 30. Nf6+ Kg7 31. Qa5 Qd6 32. Nd5 Bxd5 33.
Rd1 Rb5 0-1

[Event "Madrid ch sf-A"]
[Site "Madrid ESP"]
[Date "2006.01.09"]
[Round "1.4"]
[White "Rabadan Velasco, Raul"]
[Black "Lorenzo Bailador, Alfredo"]
[Result "1/2-1/2"]
[WhiteElo "2236"]
[BlackElo "2091"]
[PlyCount "60"]
[EventDate "2006.01.23"]
[EventType "swiss"]
[EventRounds "9"]
[EventCountry "ESP"]
[Source "lmi"]
[SourceDate "2006.01.29"]

1. e4 e5 2. Nf3 Nc6 3. Bb5 a6 4. Ba4 Nf6 5. d3 b5 6. Bb3 Be7 7. O-O d6 8. c3
O-O 9. Re1 Na5 10. Bc2 c5 11. Nbd2 Qc7 12. Nf1 Re8 13. Ng3 g6 14. Bg5 Nc6 15.
h3 Bb7 16. d4 Nb8 17. d5 Nbd7 18. Qd2 Nb6 19. Nh4 Bc8 20. Rad1 Qd8 21. Nf3 Bf8
22. b3 Bg7 23. Nh4 Qc7 24. Be3 Rb8 25. f4 exf4 26. Bxf4 Nfd7 27. Nhf5 gxf5 28.
Nxf5 Be5 29. Bh6 Nf8 30. Qg5+ Ng6 1/2-1/2

[Event "Madrid ch sf-A"]
[Site "Madrid ESP"]
[Date "2006.01.09"]
[Round "1.5"]
[White "Taveira Jimenez, Manuel"]
[Black "Barez Menendez, Hector"]
[Result "1-0"]
[WhiteElo "2071"]
[BlackElo "2229"]
[PlyCount "57"]
[EventDate "2006.01.23"]
[EventType "swiss"]
[EventRounds "9"]
[EventCountry "ESP"]
[Source "lmi"]
[SourceDate "2006.01.29"]

1. e4 e5 2. d4 d6 3. dxe5 dxe5 4. Qxd8+ Kxd8 5. Nc3 Nf6 6. Bg5 Be6 7. O-O-O+
Nbd7 8. f4 exf4 9. Bxf4 Bb4 10. Nd5 Bxd5 11. exd5 Nb6 12. Nf3 Kc8 13. c4 Ng4
14. a3 Bc5 15. b4 Bd6 16. Rd4 f5 17. Ng5 a5 18. Bxd6 cxd6 19. Nf7 Rf8 20. Nxd6+
Kd7 21. c5 axb4 22. Bb5+ Kc7 23. Re1 bxa3 24. Kb1 a2+ 25. Ka1 f4 26. Re7+ Kd8
27. Rxb7 Ne3 28. Rd2 Nbxd5 29. Rd7# 1-0

[Event "Madrid ch sf-A"]
[Site "Madrid ESP"]
[Date "2006.01.09"]
[Round "1.7"]
[White "Barahona Torrijos, Angel"]
[Black "Gonzalez Somoza, Oliver"]
[Result "0-1"]
[WhiteElo "2045"]
[BlackElo "2218"]
[PlyCount "70"]
[EventDate "2006.01.23"]
[EventType "swiss"]
[EventRounds "9"]
[EventCountry "ESP"]
[Source "lmi"]
[SourceDate "2006.01.29"]

1. e4 c5 2. a3 e6 3. b4 Nf6 4. e5 Nd5 5. c4 Nc7 6. bxc5 Bxc5 7. Qg4 Bf8 8. d4
d5 9. Bg5 Qd7 10. Nc3 dxc4 11. Bxc4 b5 12. Bd3 b4 13. axb4 Bxb4 14. Bd2 Bxc3
15. Bxc3 O-O 16. Nf3 Nd5 17. Bxh7+ Kxh7 18. Qh5+ Kg8 19. Ng5 Re8 20. Bb2 Nc6
21. Qh7+ Kf8 22. Ba3+ Ncb4 23. Qh8+ Ke7 24. Qxg7 Rf8 25. Ne4 Qb5 26. Qg5+ Kd7
27. Rc1 a5 28. Rc5 Nd3+ 29. Kd2 Nxc5 30. Nxc5+ Ke8 31. Ne4 Qa4 32. Ra1 Qxd4+
33. Ke2 Ba6+ 34. Kf3 Qd3+ 35. Kg4 Qxe4+ 0-1

[Event "Madrid ch sf-A"]
[Site "Madrid ESP"]
[Date "2006.01.09"]
[Round "1.9"]
[White "Pardo Robles, Jose Manuel"]
[Black "Pastor Alonso de Prado, Alberto"]
[Result "0-1"]
[WhiteElo "1994"]
[BlackElo "2192"]
[PlyCount "34"]
[EventDate "2006.01.23"]
[EventType "swiss"]
[EventRounds "9"]
[EventCountry "ESP"]
[Source "lmi"]
[SourceDate "2006.01.29"]

1. e4 e5 2. Nf3 Nc6 3. Bb5 Bc5 4. O-O Qf6 5. c3 Nge7 6. d3 h6 7. Be3 Bb6 8.
Nbd2 O-O 9. Bxb6 axb6 10. b4 d5 11. d4 Bg4 12. exd5 Nxd5 13. Ne4 Qf4 14. Bxc6
bxc6 15. Qc2 Bxf3 16. gxf3 Qxf3 17. Ng3 Nf4 0-1

[Event "Madrid ch sf-A"]
[Site "Madrid ESP"]
[Date "2006.01.09"]
[Round "1.14"]
[White "Salas Romero, Santiago"]
[Black "Camacho Casado, Demetrio"]
[Result "0-1"]
[WhiteElo "2122"]
[BlackElo "2031"]
[PlyCount "90"]
[EventDate "2006.01.23"]
[EventType "swiss"]
[EventRounds "9"]
[EventCountry "ESP"]
[Source "lmi"]
[SourceDate "2006.01.29"]

1. Nf3 d5 2. d4 Bf5 3. c4 e6 4. Qb3 Nc6 5. Nc3 Nb4 6. Qa4+ c6 7. Kd2 Nf6 8. e3
Nc2 9. Rb1 Ne4+ 10. Nxe4 dxe4 11. Ng1 Nxd4 12. exd4 e3+ 13. fxe3 Bxb1 14. Nf3
Bd6 15. Bd3 Bxd3 16. Kxd3 O-O 17. Qc2 c5 18. Ke2 Qf6 19. b3 Qg6 20. Qxg6 hxg6
21. Ng5 b6 22. Ba3 Be7 23. Ne4 f5 24. Nd2 Rfe8 25. Nf3 cxd4 26. Bxe7 d3+ 27.
Kxd3 Rxe7 28. Ne5 g5 29. Kc3 Rc7 30. b4 Rac8 31. Rd1 g6 32. Rd6 Re8 33. Kd4 Kg7
34. b5 Kf6 35. Nc6 g4 36. c5 Rh8 37. Kc4 Rxh2 38. Rd2 Rh1 39. Rc2 g3 40. a4
Rh4+ 41. Kb3 Re4 42. Nxa7 Rxa7 43. cxb6 Raxa4 44. b7 Rab4+ 45. Ka2 Rxb5 0-1

[Event "Madrid ch sf-A"]
[Site "Madrid ESP"]
[Date "2006.01.10"]
[Round "2.1"]
[White "Elissalt Cardenas, Hector"]
[Black "Blanco Sanjuan, Jorge"]
[Result "1-0"]
[WhiteElo "2346"]
[BlackElo "2137"]
[PlyCount "67"]
[EventDate "2006.01.23"]
[EventType "swiss"]
[EventRounds "9"]
[EventCountry "ESP"]
[Source "lmi"]
[SourceDate "2006.01.29"]

1. Nf3 Nf6 2. g3 b6 3. Bg2 Bb7 4. c4 c5 5. d3 e6 6. O-O Be7 7. e4 d6 8. Nc3 O-O
9. Nh4 Nfd7 10. Nf3 Nc6 11. Be3 Bf6 12. d4 cxd4 13. Nxd4 Nxd4 14. Bxd4 Be7 15.
f4 Qc7 16. b3 a6 17. Qe2 b5 18. f5 e5 19. Be3 bxc4 20. bxc4 Rfc8 21. Nd5 Bxd5
22. cxd5 Qa5 23. Rfc1 Bd8 24. Rc6 Rxc6 25. dxc6 Nc5 26. Qc4 Rc8 27. Rb1 Qc7 28.
Qd5 Be7 29. Bxc5 dxc5 30. Rb7 Qd8 31. Rd7 Qf8 32. Bf1 Rd8 33. c7 Ra8 34. Rxe7
1-0

[Event "Madrid ch sf-A"]
[Site "Madrid ESP"]
[Date "2006.01.10"]
[Round "2.2"]
[White "Ruiz Saiz, Agustin"]
[Black "Taveira Jimenez, Manuel"]
[Result "1-0"]
[WhiteElo "2246"]
[BlackElo "2071"]
[PlyCount "85"]
[EventDate "2006.01.23"]
[EventType "swiss"]
[EventRounds "9"]
[EventCountry "ESP"]
[Source "lmi"]
[SourceDate "2006.01.29"]

1. Nf3 Nf6 2. g3 g6 3. Bg2 Bg7 4. O-O O-O 5. d3 d6 6. e4 c6 7. a4 Qc7 8. Re1 e5
9. Nbd2 Nh5 10. Nc4 Be6 11. Qe2 h6 12. Nh4 Kh7 13. Rb1 b5 14. axb5 cxb5 15. Ne3
Nc6 16. c3 a5 17. Nef5 Nf6 18. Nxg7 Kxg7 19. h3 g5 20. Nf5+ Bxf5 21. exf5 Rab8
22. h4 Nh7 23. hxg5 hxg5 24. f6+ Nxf6 25. Bxg5 Ne7 26. Qf3 Nh7 27. Bd2 Qd7 28.
d4 Ng6 29. Qe3 Kh8 30. Qh6 Rg8 31. dxe5 dxe5 32. Rbd1 Qe6 33. c4 Qxc4 34. Bg5
Qe6 35. Bh3 f5 36. Rd5 Rb6 37. Red1 Nf4 38. Bxf4 exf4 39. Qxf4 Qf6 40. Bxf5
Rgb8 41. Rd6 Qg5 42. Qd4+ Qg7 43. Qh4 1-0

[Event "Madrid ch sf-A"]
[Site "Madrid ESP"]
[Date "2006.01.10"]
[Round "2.3"]
[White "Lopez de Turiso, Jose Angel"]
[Black "Ballesteros Gonzalez, David"]
[Result "0-1"]
[WhiteElo "2112"]
[BlackElo "2224"]
[PlyCount "74"]
[EventDate "2006.01.23"]
[EventType "swiss"]
[EventRounds "9"]
[EventCountry "ESP"]
[Source "lmi"]
[SourceDate "2006.01.29"]

1. d4 Nf6 2. c4 g6 3. Nc3 Bg7 4. e4 d6 5. Be2 O-O 6. g4 e5 7. d5 c6 8. g5 Ne8
9. h4 f5 10. gxf6 Nxf6 11. Be3 cxd5 12. cxd5 Qa5 13. Qd2 Ng4 14. Nb5 Qd8 15.
Bxg4 Bxg4 16. Qb4 Na6 17. Qxd6 Qa5+ 18. Nc3 Rac8 19. Nge2 Nb4 20. O-O Nc2 21.
Rac1 Nd4 22. b4 Qa3 23. Nxd4 exd4 24. Nb5 Qd3 25. Rxc8 Bxc8 26. Nxa7 dxe3 27.
Nxc8 exf2+ 28. Rxf2 Qd1+ 29. Kg2 Qg4+ 30. Kf1 Rxc8 31. Qf4 Qh3+ 32. Ke2 Rf8 33.
Qh2 Qg4+ 34. Kf1 Qxe4 35. Rxf8+ Bxf8 36. Qd2 Bxb4 37. Qd1 Qh1+ 0-1

[Event "Madrid ch sf-A"]
[Site "Madrid ESP"]
[Date "2006.01.10"]
[Round "2.4"]
[White "Gonzalez Somoza, Oliver"]
[Black "Martin-Consuegra Barrilero, Javier"]
[Result "1/2-1/2"]
[WhiteElo "2218"]
[BlackElo "1973"]
[PlyCount "161"]
[EventDate "2006.01.23"]
[EventType "swiss"]
[EventRounds "9"]
[EventCountry "ESP"]
[Source "lmi"]
[SourceDate "2006.01.29"]

1. c4 c6 2. d4 d5 3. Nc3 Nf6 4. Nf3 a6 5. a4 Bf5 6. Qb3 Ra7 7. Bf4 e6 8. e3 h6
9. h3 Nbd7 10. c5 Be7 11. Be2 Ne4 12. Nxe4 Bxe4 13. Qc3 O-O 14. O-O a5 15. Ne5
Nxe5 16. Bxe5 Qd7 17. Bg3 Rfa8 18. Rfc1 Bd8 19. Ra3 Bc7 20. Bxc7 Qxc7 21. Rb3
f6 22. Bd3 Bxd3 23. Qxd3 Ra6 24. Qg6 Rf8 25. Rcc3 Qf7 26. Qxf7+ Rxf7 27. Kf1
Ra8 28. Rb6 Rc8 29. b4 axb4 30. Rb3 Re7 31. R3xb4 Rcc7 32. a5 Kf7 33. a6 bxa6
34. Rxa6 Re8 35. Rbb6 Rec8 36. f4 f5 37. Ke2 Ke7 38. g4 Kf6 39. Kf3 g5 40. Rb3
Rg8 41. Rab6 Rgc8 42. Rb7 Rxb7 43. Rxb7 Kg6 44. Ke2 Ra8 45. Rb6 Rc8 46. Kd3 h5
47. gxh5+ Kxh5 48. fxg5 Kxg5 49. Rb7 Rh8 50. Rc7 Rxh3 51. Rxc6 Kf6 52. Rc8 Ke7
53. Rc7+ Kf6 54. Rc8 Ke7 55. Ke2 Kd7 56. Ra8 Rh4 57. Ra7+ Kc6 58. Re7 Re4 59.
Kd3 Kb5 60. Rd7 f4 61. exf4 Rxf4 62. Rd6 Re4 63. Rb6+ Ka5 64. Rb1 Rh4 65. Rc1
Rh3+ 66. Ke2 Rh7 67. Ke3 Rf7 68. Rb1 Rh7 69. Rb6 Rh3+ 70. Kf4 Rh4+ 71. Ke5 Re4+
72. Kd6 Rxd4 73. Kxe6 Rd1 74. Rb8 d4 75. Rb2 Rc1 76. Kd6 d3 77. c6 Rc2 78. Rb1
d2 79. Rd1 Kb6 80. c7 Rc6+ 81. Ke5 1/2-1/2

[Event "Madrid ch sf-A"]
[Site "Madrid ESP"]
[Date "2006.01.10"]
[Round "2.5"]
[White "Camacho Casado, Demetrio"]
[Black "De la Fuente Gonzalez, Francisco"]
[Result "1-0"]
[WhiteElo "2032"]
[BlackElo "2213"]
[PlyCount "103"]
[EventDate "2006.01.23"]
[EventType "swiss"]
[EventRounds "9"]
[EventCountry "ESP"]
[Source "lmi"]
[SourceDate "2006.01.29"]

1. d4 d5 2. Nf3 Nf6 3. Bf4 c6 4. Nbd2 Bf5 5. e3 e6 6. c4 Nbd7 7. Be2 Be7 8. O-O
O-O 9. h3 Qb6 10. Qb3 dxc4 11. Qxb6 Nxb6 12. Nxc4 Nxc4 13. Bxc4 Rac8 14. Rac1
Rfd8 15. Rfd1 Be4 16. Ne5 Bd5 17. Bxd5 cxd5 18. Kf1 Ne4 19. Ke2 f6 20. Nd3 Kf7
21. Bc7 Re8 22. Rc2 Nd6 23. Rdc1 Nc4 24. Bg3 Bd6 25. b3 Bxg3 26. bxc4 dxc4 27.
Nc5 b6 28. fxg3 bxc5 29. Rxc4 Rb8 30. Rxc5 Rb2+ 31. R1c2 Reb8 32. Kd3 Kg6 33.
e4 Rb1 34. g4 Rd1+ 35. Rd2 Rbb1 36. h4 Rxd2+ 37. Kxd2 Rg1 38. h5+ Kh6 39. d5
Rxg2+ 40. Kd3 exd5 41. exd5 Rg3+ 42. Kc4 Rxg4+ 43. Kb5 Rd4 44. Kc6 f5 45. d6 f4
46. d7 f3 47. Rf5 Rc4+ 48. Kd5 Rc2 49. Rxf3 Rd2+ 50. Kc6 Kxh5 51. Rf5+ g5 52.
Rd5 1-0

[Event "Madrid ch sf-A"]
[Site "Madrid ESP"]
[Date "2006.01.10"]
[Round "2.6"]
[White "Pastor Alonso de Prado, Alberto"]
[Black "Santos Ortigosa, Joaquin"]
[Result "1-0"]
[WhiteElo "2192"]
[BlackElo "1847"]
[PlyCount "85"]
[EventDate "2006.01.23"]
[EventType "swiss"]
[EventRounds "9"]
[EventCountry "ESP"]
[Source "lmi"]
[SourceDate "2006.01.29"]

1. d4 Nf6 2. Nf3 g6 3. Bg5 Ne4 4. Bh4 Bg7 5. Nbd2 d5 6. e3 Nd6 7. c4 c6 8. cxd5
cxd5 9. Qb3 Qb6 10. Qc3 Nc6 11. Bg3 Bf5 12. Bxd6 exd6 13. Qb3 O-O 14. Be2 Rfc8
15. O-O Qxb3 16. Nxb3 Nb4 17. Ne1 h5 18. a3 Na6 19. Bd3 Be4 20. Rc1 Nc7 21. Be2
Ne8 22. Nd3 Nf6 23. Nb4 Bf5 24. Na5 b6 25. Nac6 Bf8 26. Ba6 Rc7 27. Na2 Bc8 28.
Ncb4 Bxa6 29. Nxa6 Rc4 30. b3 Rcc8 31. N2b4 Ne4 32. Nc7 Rab8 33. Nba6 Rb7 34.
Nxd5 Rxc1 35. Rxc1 Nd2 36. b4 Ne4 37. Rc8 Kg7 38. Nac7 f6 39. Ne6+ Kf7 40. Nxf8
a5 41. b5 Ng5 42. Rd8 h4 43. Rd7+ 1-0

[Event "Madrid ch sf-A"]
[Site "Madrid ESP"]
[Date "2006.01.10"]
[Round "2.10"]
[White "Barez Menendez, Hector"]
[Black "Cabañas Bravo, Juan Andres"]
[Result "1-0"]
[WhiteElo "2229"]
[BlackElo "2106"]
[PlyCount "63"]
[EventDate "2006.01.23"]
[EventType "swiss"]
[EventRounds "9"]
[EventCountry "ESP"]
[Source "lmi"]
[SourceDate "2006.01.29"]

1. Nf3 Nf6 2. c4 g6 3. g3 Bg7 4. Bg2 O-O 5. O-O d5 6. cxd5 Nxd5 7. Nc3 c5 8.
Nxd5 Qxd5 9. d3 Nc6 10. Be3 Bxb2 11. Rb1 Bf6 12. Nd4 Qxa2 13. Nxc6 bxc6 14.
Bxc6 Bh3 15. Bxa8 Bxf1 16. Bf3 Bh3 17. Bxc5 Rc8 18. d4 Rd8 19. Rb4 a5 20. Ra4
Qb2 21. Rxa5 Bxd4 22. e3 Qc3 23. Bxe7 Rd7 24. Ra8+ Kg7 25. Bf8+ Kf6 26. exd4
Rxd4 27. Qa1 Qd3 28. Rd8 Kg5 29. Rxd4 Qxf3 30. Qa5+ Bf5 31. Qd2+ Kf6 32. Rd6+
1-0

[Event "Madrid ch sf-A"]
[Site "Madrid ESP"]
[Date "2006.01.10"]
[Round "2.11"]
[White "Martin Rodriguez, Emilio"]
[Black "Barahona Torrijos, Angel"]
[Result "0-1"]
[WhiteElo "2140"]
[BlackElo "2045"]
[PlyCount "100"]
[EventDate "2006.01.23"]
[EventType "swiss"]
[EventRounds "9"]
[EventCountry "ESP"]
[Source "lmi"]
[SourceDate "2006.01.29"]

1. e4 e5 2. Nc3 Nf6 3. f4 d5 4. fxe5 Nxe4 5. Nf3 Bg4 6. Qe2 Ng5 7. Qf2 d4 8.
Nxg5 Qxg5 9. Bb5+ c6 10. O-O Be6 11. Qxd4 cxb5 12. Qe4 Nd7 13. d4 Qg6 14. Qf3
Bc4 15. Re1 Be7 16. h3 O-O 17. Bf4 b4 18. Nd5 Bxd5 19. Qxd5 Nb6 20. Qxb7 Bh4
21. Rf1 Rac8 22. Rac1 Qc6 23. Qxc6 Rxc6 24. c3 bxc3 25. Rxc3 Rfc8 26. Ra3 Ra8
27. Ra5 Rc2 28. b3 Be7 29. Be3 Bb4 30. Rb5 Bd2 31. Bf2 Rxa2 32. d5 Ra5 33. Rxa5
Bxa5 34. e6 fxe6 35. dxe6 Nd5 36. Rd1 Nf6 37. Ra1 Bc7 38. Bc5 Ne4 39. Ba3 Bb6+
40. Kh2 Bc5 41. b4 Bd6+ 42. Kg1 Re8 43. b5 Nc5 44. Rd1 Rxe6 45. Rxd6 Rxd6 46.
Bxc5 Rd7 47. Kf2 Kf7 48. Ke3 Ke6 49. g4 Kd5 50. Bd4 Kc4 0-1

[Event "Madrid ch sf-A"]
[Site "Madrid ESP"]
[Date "2006.01.10"]
[Round "2.13"]
[White "Andalon Gomez, Carlos J"]
[Black "Salas Romero, Santiago"]
[Result "0-1"]
[WhiteElo "2000"]
[BlackElo "2122"]
[PlyCount "86"]
[EventDate "2006.01.23"]
[EventType "swiss"]
[EventRounds "9"]
[EventCountry "ESP"]
[Source "lmi"]
[SourceDate "2006.01.29"]

1. d4 Nf6 2. c4 e6 3. Nc3 Bb4 4. e3 O-O 5. Bd3 c5 6. Nge2 d5 7. cxd5 cxd4 8.
exd4 Nxd5 9. O-O Nc6 10. Bc2 Bd6 11. a3 b6 12. Qd3 g6 13. Ne4 Be7 14. Bh6 Re8
15. f4 a5 16. Rae1 Ba6 17. Qg3 Bxe2 18. Rxe2 Nxd4 19. Rd2 Nf5 20. Nf6+ Bxf6 21.
Bxf5 Bh4 22. Qg4 Qe7 23. Qh3 gxf5 24. g4 Bf6 25. gxf5 Kh8 26. fxe6 Qxe6 27.
Qxe6 fxe6 28. f5 Rad8 29. fxe6 Rxe6 30. Rfd1 Red6 31. Bf4 R6d7 32. b4 a4 33.
Bg3 Kg7 34. Bf2 Kf7 35. Bg3 Bg7 36. Rf2+ Nf6 37. Rdf1 Rd1 38. Bc7 R8d3 39. Bxb6
Rxf1+ 40. Rxf1 Rxa3 41. Bc5 Rb3 42. Ra1 a3 43. Ra2 Ne4 0-1

[Event "Madrid ch sf-A"]
[Site "Madrid ESP"]
[Date "2006.01.11"]
[Round "3.1"]
[White "Ballesteros Gonzalez, David"]
[Black "Elissalt Cardenas, Hector"]
[Result "1/2-1/2"]
[WhiteElo "2224"]
[BlackElo "2346"]
[PlyCount "135"]
[EventDate "2006.01.23"]
[EventType "swiss"]
[EventRounds "9"]
[EventCountry "ESP"]
[Source "lmi"]
[SourceDate "2006.01.29"]

1. d4 f5 2. c4 Nf6 3. g3 g6 4. Bg2 Bg7 5. Nc3 d6 6. Nf3 O-O 7. O-O c6 8. d5 Bd7
9. Qb3 Qb6 10. Qxb6 axb6 11. Be3 cxd5 12. cxd5 b5 13. a3 Na6 14. h3 b4 15. axb4
Nxb4 16. Nd4 Rfc8 17. Rfc1 Ne8 18. Kh2 Bf6 19. Rxa8 Rxa8 20. Nb3 Kf7 21. Bd4
Ra6 22. Rd1 Bxd4 23. Nxd4 Nf6 24. Rd2 Rb6 25. f4 Na6 26. e4 fxe4 27. Nxe4 Nxe4
28. Bxe4 Nc5 29. Bc2 Rb4 30. b3 Bb5 31. f5 Bd3 32. fxg6+ Bxg6 33. Rf2+ Ke8 34.
Nf5 Ne4 35. Ng7+ Kd7 36. Rf4 Rd4 37. Bxe4 Bxe4 38. h4 Rd2+ 39. Kh3 Bxd5 40. b4
e5 41. Rf6 Ke7 42. Rh6 Be4 43. Kg4 Kf7 44. Nf5 Bxf5+ 45. Kxf5 Rf2+ 46. Kg5 d5
47. Rxh7+ Ke6 48. Rxb7 d4 49. Rb6+ Kd5 50. Rb5+ Ke4 51. Rb8 d3 52. Rd8 d2 53.
h5 Ke3 54. h6 e4 55. b5 Ke2 56. b6 d1=Q 57. Rxd1 Kxd1 58. b7 Rf8 59. b8=Q Rxb8
60. Kf4 Rh8 61. Kxe4 Rxh6 62. Kf5 Ke2 63. g4 Kf3 64. g5 Rh5 65. Kf6 Kg4 66. g6
Rf5+ 67. Ke7 Rg5 68. Kf7 1/2-1/2

[Event "Madrid ch sf-A"]
[Site "Madrid ESP"]
[Date "2006.01.11"]
[Round "3.2"]
[White "Pastor Alonso de Prado, Alberto"]
[Black "Ruiz Saiz, Agustin"]
[Result "1-0"]
[WhiteElo "2192"]
[BlackElo "2246"]
[PlyCount "93"]
[EventDate "2006.01.23"]
[EventType "swiss"]
[EventRounds "9"]
[EventCountry "ESP"]
[Source "lmi"]
[SourceDate "2006.01.29"]

1. e4 c5 2. Nf3 e6 3. c3 Nf6 4. Bd3 d5 5. e5 Nfd7 6. O-O b6 7. Qe2 Qc7 8. Re1
Be7 9. Bc2 Ba6 10. d3 Nc6 11. a4 c4 12. d4 h6 13. h3 Na5 14. Nh2 Qb7 15. Nd2
O-O-O 16. Qf3 Rdf8 17. b4 cxb3 18. Nxb3 Nc4 19. Bd3 Nb8 20. Nf1 Nc6 21. Qe2
N6a5 22. Nxa5 bxa5 23. Ba3 Kd7 24. Bxe7 Kxe7 25. Nd2 Qc6 26. Nb3 Rb8 27. Reb1
Rhc8 28. Nc5 Kf8 29. f4 Re8 30. Qf2 Kg8 31. f5 exf5 32. Qxf5 g6 33. Qf4 Rxb1+
34. Rxb1 Na3 35. Rf1 Bxd3 36. Qxf7+ Kh8 37. Nxd3 Qe6 38. Qxa7 Re7 39. Qxa5 Nc4
40. Qd8+ Re8 41. Rf8+ Rxf8 42. Qxf8+ Kh7 43. Nf4 Qd7 44. e6 Qb7 45. e7 Qb1+ 46.
Kh2 Ne3 47. Qf7+ 1-0

[Event "Madrid ch sf-A"]
[Site "Madrid ESP"]
[Date "2006.01.11"]
[Round "3.3"]
[White "Martin-Consuegra Barrilero, Javier"]
[Black "Camacho Casado, Demetrio"]
[Result "1/2-1/2"]
[WhiteElo "1973"]
[BlackElo "2032"]
[PlyCount "41"]
[EventDate "2006.01.23"]
[EventType "swiss"]
[EventRounds "9"]
[EventCountry "ESP"]
[Source "lmi"]
[SourceDate "2006.01.29"]

1. d4 d5 2. Bg5 Qd6 3. c3 Bf5 4. Nf3 Qg6 5. e3 Nd7 6. Bf4 Qb6 7. b3 e6 8. Bd3
Bxd3 9. Qxd3 Ngf6 10. h3 Ne4 11. O-O f6 12. Nbd2 g5 13. Bh2 Nxd2 14. Qxd2 h5
15. Ne1 Bd6 16. c4 Bxh2+ 17. Kxh2 Qd6+ 18. Kh1 h4 19. c5 Qe7 20. Qc2 c6 21.
Qg6+ 1/2-1/2

[Event "Madrid ch sf-A"]
[Site "Madrid ESP"]
[Date "2006.01.11"]
[Round "3.6"]
[White "Barahona Torrijos, Angel"]
[Black "Barez Menendez, Hector"]
[Result "0-1"]
[WhiteElo "2045"]
[BlackElo "2229"]
[PlyCount "66"]
[EventDate "2006.01.23"]
[EventType "swiss"]
[EventRounds "9"]
[EventCountry "ESP"]
[Source "lmi"]
[SourceDate "2006.01.29"]

1. e4 e5 2. Nf3 Nf6 3. Nc3 Nc6 4. d4 Bb4 5. Nxe5 Nxe4 6. Qg4 Nxc3 7. Qxg7 Rf8
8. a3 Nxd4 9. axb4 Nxc2+ 10. Kd2 Nxa1 11. Kxc3 Qe7 12. Bh6 a5 13. Qxf8+ Qxf8
14. Bxf8 Kxf8 15. bxa5 Rxa5 16. Nc4 Ra2 17. Ne3 c6 18. Bc4 Ra8 19. b4 d5 20.
Bd3 Ra3+ 21. Kd4 Kg7 22. g4 Kf6 23. Bxh7 Nb3+ 24. Kd3 Nc5+ 25. Ke2 Ne6 26. Rd1
Rb3 27. Kf3 Ng5+ 28. Kg3 Nxh7 29. h4 Ke5 30. g5 d4 31. Kg2 dxe3 32. Rd8 Be6 33.
fxe3 Rxb4 0-1

[Event "Madrid ch sf-A"]
[Site "Madrid ESP"]
[Date "2006.01.11"]
[Round "3.7"]
[White "De la Fuente Gonzalez, Francisco"]
[Black "Lopez de Turiso, Jose Angel"]
[Result "1/2-1/2"]
[WhiteElo "2213"]
[BlackElo "2112"]
[PlyCount "69"]
[EventDate "2006.01.23"]
[EventType "swiss"]
[EventRounds "9"]
[EventCountry "ESP"]
[Source "lmi"]
[SourceDate "2006.01.29"]

1. d4 d5 2. Nf3 e6 3. c4 c6 4. Nc3 f5 5. g3 Nf6 6. Bg2 Bd6 7. Bf4 O-O 8. Bxd6
Qxd6 9. Ne5 Nbd7 10. f4 Ne4 11. Nxe4 dxe4 12. O-O c5 13. e3 Rd8 14. g4 cxd4 15.
Qxd4 Nxe5 16. Qxd6 Rxd6 17. fxe5 Rd3 18. Rae1 g6 19. Rf2 b6 20. Bf1 Rd7 21.
Ree2 Ba6 22. Rd2 Rad8 23. Rxd7 Rxd7 24. g5 Kf8 25. b4 Ke7 26. Kg2 Rd1 27. Rc2
Rb1 28. b5 Bb7 29. Be2 Re1 30. h4 Kd8 31. Kf2 Rh1 32. Kg3 Rg1+ 33. Kf2 Rh1 34.
Kg3 Rg1+ 35. Kf2 1/2-1/2

[Event "Madrid ch sf-A"]
[Site "Madrid ESP"]
[Date "2006.01.11"]
[Round "3.10"]
[White "Santos Ortigosa, Joaquin"]
[Black "Salas Romero, Santiago"]
[Result "0-1"]
[WhiteElo "1847"]
[BlackElo "2122"]
[PlyCount "52"]
[EventDate "2006.01.23"]
[EventType "swiss"]
[EventRounds "9"]
[EventCountry "ESP"]
[Source "lmi"]
[SourceDate "2006.01.29"]

1. e4 c5 2. Nf3 d6 3. c3 Nf6 4. Be2 Nc6 5. d3 g6 6. Be3 Bg7 7. Nbd2 O-O 8. h3
Qa5 9. g4 Rd8 10. g5 Ne8 11. h4 Bg4 12. Nh2 Bxe2 13. Qxe2 b5 14. Ng4 b4 15. Nc4
Qa6 16. h5 bxc3 17. hxg6 fxg6 18. Nh6+ Bxh6 19. Rxh6 cxb2 20. Qxb2 d5 21. exd5
Rxd5 22. Qb3 e6 23. a3 Ng7 24. O-O-O Nf5 25. Rh2 Rb8 26. Qc3 Ncd4 0-1

[Event "Madrid ch sf-A"]
[Site "Madrid ESP"]
[Date "2006.01.11"]
[Round "3.12"]
[White "Martin Rodriguez, Emilio"]
[Black "Rodriguez Bachiller, Luis"]
[Result "1-0"]
[WhiteElo "2140"]
[BlackElo "1939"]
[PlyCount "59"]
[EventDate "2006.01.23"]
[EventType "swiss"]
[EventRounds "9"]
[EventCountry "ESP"]
[Source "lmi"]
[SourceDate "2006.01.29"]

1. e4 c5 2. Nc3 Nc6 3. g3 Nf6 4. Bg2 d6 5. d3 g6 6. f4 Bg4 7. Nce2 Bg7 8. h3
Bd7 9. Nf3 e5 10. Be3 h5 11. Qd2 Qc7 12. Qc3 b6 13. O-O O-O 14. fxe5 Nxe5 15.
Nh4 Rfc8 16. Qd2 Kh7 17. Rf2 Be6 18. Raf1 Ng8 19. Nf4 Nc6 20. b3 Qd7 21. c3 a5
22. Nxh5 gxh5 23. Qe2 Bg4 24. hxg4 Qxg4 25. Qxg4 hxg4 26. e5 Nxe5 27. Be4+ f5
28. Nxf5 Nf3+ 29. Rxf3 gxf3 30. Ne7+ 1-0